000 00353nam a2200121 4500
003 OSt
008 210806b ||||| |||| 00| 0 eng d
082 _a620.30287
_bSAW/CO
100 _aSawhney A K
_aPuneet Sawhney
_94921
245 _aCourse in mechanical measurements and instrumentation & control
260 _aDelhi
_bDhanpat Rai & Co
_c2010
942 _cBK
999 _c17385
_d17385